000 00925nam a2200265 i 4500
001 bg
100 1 _aMURAWSKI, Roman
245 1 0 _aFunkcje rekurencyjne i elementy metamatematyki :
_bproblemy zgodności, rozstrzygalności, twierdzenie Gödla /
_cRoman Murawski ; Uniwersytet im. Adama Mickiewicza w Poznaniu.
250 _aWyd.3 popr.
260 _aPoznań :
_bWydaw. Naukowe UAM,
_c2000.
300 _a186, [1] s. :
_brys. ;
_c24 cm.
504 _aBibliogr. s.175-179. - Indeks.
650 9 _aMetamatematyka
_xzagadnienia
650 9 _aFunkcje rekurencyjne
655 _aPodręczniki akademickie
710 _aUniwersytet im. Adama Mickiewicza (Poznań)
020 _a8323210306
040 _cBPK
041 0 _apl
080 _a519.716(075.8)
920 _a83-232-1030-6
942 _cKS
008 s pl f |000 0 pol
999 _c39121
_d39121
856 _uhttp://koha.tu.koszalin.pl/cgi-bin/koha/opac-detail.pl?biblionumber=39121
_yKatalog online BPK